000 00499nam a22002177a 4500
003 UA-OsUOA
001 7115
007 ta
008 20040420b un ||||| |||| 00| 0 ukr d
090 _a32
942 _cBK
040 _aUA-OsUOA
_bukr
_cUA-OsUOA
_dUA-OsUOA
245 _aПолітика. Політичні науки
_bРеферативний журнал
955 _a0
041 _aukr
080 _a32
260 _aК.
_c1997
044 _aUA
650 7 _2UDC
999 _c293276
_d293276